| 000 | 00560 a2200169 4500 | ||
|---|---|---|---|
| 005 | 20250505153126.0 | ||
| 020 | _a978-0-07-301250-6 | ||
| 082 | _a658.15 BRE | ||
| 100 | _aBREALEY, R. A. | ||
| 245 | _aFundamentals of Corporate Finance. | ||
| 250 | _a5th Ed. | ||
| 260 |
_aNew York, _bMcgraw- Hill Irwin, _c2007. |
||
| 300 |
_axxx,722p.: Ill.;figures , picture & table _bGlossary & Index _c27cm. |
||
| 700 | _aMYERS, S. C. & MARCUS, A. J. | ||
| 856 |
_yAccess Online Book _fFundamentals of Corporate Finance _dwww.dushkin.com/powerweb |
||
| 942 |
_2ddc _cBKS |
||
| 999 |
_c1957 _d1957 |
||